Performance Based Design of Structural Steel for Fire Conditions (Record no. 329693)

000 -LEADER
fixed length control field nam a22 7a 4500
003 - CONTROL NUMBER IDENTIFIER
control field NUST
005 - DATE AND TIME OF LATEST TRANSACTION
control field 20170518114113.0
008 - FIXED-LENGTH DATA ELEMENTS--GENERAL INFORMATION
fixed length control field 170518b xxu||||| |||| 00| 0 eng d
040 ## - CATALOGING SOURCE
Transcribing agency DLC
082 ## - DEWEY DECIMAL CLASSIFICATION NUMBER
Classification number 693.82 PAR
100 ## - MAIN ENTRY--PERSONAL NAME
Personal name Parkinson, David
9 (RLIN) 1041
245 ## - TITLE STATEMENT
Title Performance Based Design of Structural Steel for Fire Conditions
942 ## - ADDED ENTRY ELEMENTS (KOHA)
Source of classification or shelving scheme
Koha item type Book
Holdings
Withdrawn status Lost status Source of classification or shelving scheme Damaged status Not for loan Permanent Location Current Location Date acquired Total Checkouts Full call number Barcode Date last seen Price effective from Koha item type
          School of Civil and Environmental Engineering (SCEE) School of Civil and Environmental Engineering (SCEE) 05/18/2017   693.82 PAR NIT-8589 05/18/2017 05/18/2017 Book
© 2023 Central Library, National University of Sciences and Technology. All Rights Reserved.